Statistiques concernant Les plus gros partenaires commerciaux - Îles Féroé

Cliquez ici pour prendre le quiz!

Statistiques générales

  • Ce quiz a été pris 135 fois
    (123 depuis la dernière actualisation)
  • Le résultat moyen est 19 sur 24

Statistiques - réponses

exportationsimportationspays% Correct
30.4 milSuède
99%
29.7 milFrance
98%
55.6 mil99.9 milNorvège
98%
228 mil14.8 milRoyaume-Uni
98%
169 mil436 milDanemark
97%
137 milEtats-Unis
96%
10.8 milCanada
95%
4.96 milFinlande
95%
29.5 mil45.4 milPays-Bas
95%
277 mil16.7 milRussie
95%
37.7 milEspagne
92%
20.1 mil31.1 milIslande
92%
3.51 milBelgique
91%
19.3 mil45.8 milAllemagne
90%
34.0 mil7.51 milPologne
89%
14.6 milItalie
88%
3.72 milPortugal
81%
121 milTurquie
63%
7.26 milUkraine
59%
4.08 milLituanie
58%
2.71 milTchequie
56%
4.17 milBiélorussie
48%
4.20 milTaïwan
37%
3.02 milNouvelle-Zélande
20%

Distribution des résultats

Percentile par nombre de réponses

% des personnes avec chaque résultat

Votre développement - résultats

Vous n’avez pas pris ce quiz depuis la dernière actualisation